| 000 | 00469 a2200193 4500 | ||
|---|---|---|---|
| 005 | 20240428160631.0 | ||
| 008 | 240428b |||||||| |||| 00| 0 eng d | ||
| 020 |
_a9789393168825 _cRs. 795.00 |
||
| 040 | _aMAIN | ||
| 082 |
_a589.3 _bS23F(3) |
||
| 100 | _aSharma, O P | ||
| 245 | _aFundamentals of algae | ||
| 250 | _a3rd | ||
| 260 |
_bMedTech Science Press _c2024 _aNew Delhi |
||
| 300 | _axiv, 400 | ||
| 650 | _aMicrobiology | ||
| 650 | _aAlgae | ||
| 942 | _cBK | ||
| 999 |
_c312911 _d312911 |
||